000 01440nam a22003017a 4500
005 20150430123852.0
010 _aENG-112824
020 _c1800.00
_a9788175417298
035 _aEN-96356
037 _bDBAD/PUB
082 _a327.54059
245 _aDelhi dialogue V :
_cedited by Rajiv K. Bhatia, Vijay Sakhuja [and] Asif shuja
_bIndia-ASEAN : vision for partnership and prosperity /
246 _a Delhi Dialogue five
246 _aIndia-ASEAN
260 _aDelhi
_bShipra Publications
_c2014
270 _aH.O.: LG 18-19, Pankaj Central Market, Patparganj,
_bDelhi
_e110092
_k91-11-22235152, 22236152
_mwww.shiprapublications.com
300 _axxix,249p.
_c25cm(Hb)
500 _a On t.p.: ICWA
500 _a Includes bibliographical references.
505 _aPt. 1. India-ASEAN security cooperation: towards peace and stability -- pt. 2. Non-traditional security challenges: food security, water management and pandemics -- pt. 3. Future of global energy market: role of new and renewable energy in sustainable development -- pt. 4. Cooperation between CLMV countries and North-East India: opportunities and challenges -- pt. 5. Expanding networks through connectivity: land, sea and air.
600 _aBhatia, Rajiv K.
600 _aSakhuja, Vijay
600 _aShuja, Asif
700 _aBhatia, Rajiv K.
700 _aSakhuja, Vijay
700 _aShuja, Asif
942 _2ddc
_cEN
_mDEL
_h327.54059
999 _c93003
_d93003